000 00376pab a2200157 454500
008 180718b2004 xxu||||| |||| 00| 0 eng d
100 _aRoyChowdhury, Supriya
245 _aGlobalisation and labour
260 _c2004
300 _ap.105-08.
362 _a3 Jan
650 _aLabour
650 _aGlobalization
773 _aEconomic and Political Weekly
909 _a59133
999 _c59133
_d59133